[Event "51st Capablanca Mem Prem"]
[Site "Varadero CUB"]
[Date "2016.06.19"]
[Round "9.2"]
[White "Quesada Perez, Yuniesky"]
[Black "Ortiz Suarez, Isan Reynaldo"]
[Result "1/2-1/2"]
[WhiteTitle "GM"]
[BlackTitle "GM"]
[WhiteElo "2631"]
[BlackElo "2578"]
[WhiteFideId "3504409"]
[BlackFideId "3507165"]
[EventDate "2016.06.09"]
[EventType "tourn"]

1. d4 Nf6 2. c4 e6 3. Nf3 b6 4. g3 Ba6 5. Nbd2 Bb7 6. Bg2 c5 7. dxc5 Bxc5 8. O-O
O-O 9. b3 Be7 10. Bb2 Qc7 11. Qc2 d6 12. Ng5 Nbd7 13. Nde4 Nxe4 14. Nxe4 d5 15.
Qc3 Bf6 16. Nxf6+ Nxf6 17. Qe5 Rac8 18. Rfd1 Qxe5 19. Bxe5 Ba6 20. cxd5 Nxd5 21.
e4 Nf6 22. Rd2 Rcd8 23. Rxd8 Rxd8 24. Rc1 Ne8 25. f3 f6 26. Bc3 Kf7 27. Kf2 Rd7
28. a4 Rc7 29. Ke3 Rd7 30. b4 Nd6 31. b5 Nc4+ 32. Kf2 Bb7 33. Bf1 Nd2 34. Be2
Nb3 35. Rc2 Rc7 36. Bd1 Nc5 37. Bd4 e5 38. Bxc5 bxc5 39. a5 Bc8 40. Be2 Be6 41.
Ke3 c4 42. b6 axb6 43. axb6 Rb7 44. Bxc4 Bxc4 45. Rxc4 Rxb6 46. Rc7+ Kg6 47. h4
h5 1/2-1/2

[Event "51st Capablanca Mem Prem"]
[Site "Varadero CUB"]
[Date "2016.06.19"]
[Round "9.3"]
[White "Dragun, Kamil"]
[Black "Gonzalez Vidal, Yuri"]
[Result "1-0"]
[WhiteTitle "GM"]
[BlackTitle "GM"]
[WhiteElo "2599"]
[BlackElo "2555"]
[WhiteFideId "1134167"]
[BlackFideId "3503321"]
[EventDate "2016.06.09"]
[EventType "tourn"]

1. e4 e5 2. Nf3 Nc6 3. d4 exd4 4. Nxd4 Bc5 5. Be3 Qf6 6. c3 Nge7 7. Bc4 O-O 8.
O-O b6 9. Qd2 Qg6 10. Nxc6 Qxc6 11. Bxc5 Qxc5 12. Na3 a5 13. Qd4 Qxd4 14. cxd4
Bb7 15. d5 d6 16. Nb5 Rad8 17. Rfd1 Rd7 18. Rac1 Ng6 19. Bf1 f5 20. exf5 Rxf5
21. Nxc7 Rff7 22. Nb5 Ne7 23. Bc4 g5 24. Bb3 Kg7 25. Nc7 Nf5 26. Ne6+ Kf6 27.
Rc3 b5 28. Rf3 g4 29. Rf4 Rde7 30. Bc2 Ke5 31. Re1+ Kxd5 32. Bxf5 1-0

[Event "51st Capablanca Mem Prem"]
[Site "Varadero CUB"]
[Date "2016.06.19"]
[Round "9.4"]
[White "Bacallao Alonso, Yusnel"]
[Black "Gomez Garrido, Camilo Ernesto"]
[Result "1/2-1/2"]
[WhiteTitle "GM"]
[BlackTitle "IM"]
[WhiteElo "2554"]
[BlackElo "2546"]
[WhiteFideId "3507416"]
[BlackFideId "3507904"]
[EventDate "2016.06.09"]
[EventType "tourn"]

1. d4 d5 2. c4 c6 3. Nf3 Nf6 4. Nc3 a6 5. e3 b5 6. cxd5 cxd5 7. Bd3 e6 8. O-O
Bb7 9. b3 Nbd7 10. Bb2 Bd6 11. a4 b4 12. Ne2 O-O 13. Rc1 Rc8 1/2-1/2

[Event "51st Capablanca Mem Prem"]
[Site "Varadero CUB"]
[Date "2016.06.19"]
[Round "9.5"]
[White "Arribas Lopez, Angel"]
[Black "Xiong, Jeffery"]
[Result "0-1"]
[WhiteTitle "GM"]
[BlackTitle "GM"]
[WhiteElo "2544"]
[BlackElo "2627"]
[WhiteFideId "2283352"]
[BlackFideId "2047640"]
[EventDate "2016.06.09"]
[EventType "tourn"]

1. e4 c5 2. Nc3 d6 3. Nge2 Nf6 4. g3 Nc6 5. Bg2 g6 6. d4 cxd4 7. Nxd4 Bd7 8.
Nde2 Bg7 9. O-O O-O 10. a4 Rc8 11. Nd5 Ne5 12. Ra2 Nxd5 13. exd5 Bg4 14. h3 Bf3
15. Bxf3 Nxf3+ 16. Kg2 Ne5 17. b3 Nd7 18. Be3 Nc5 19. b4 Nd7 20. Bxa7 Qc7 21.
Bd4 Qc4 22. Bxg7 Qxa2 23. Bxf8 Kxf8 24. c3 Nf6 25. a5 Qxd5+ 26. Qxd5 Nxd5 27.
Rd1 e6 28. b5 Ke7 29. Ra1 Kd7 30. a6 bxa6 31. Rxa6 e5 32. f4 Nxc3 33. Nxc3 Rxc3
34. fxe5 dxe5 35. Ra7+ Ke6 36. Ra6+ Kf5 37. g4+ Kg5 38. Ra7 f5 39. Rxh7 Rb3 40.
Rg7 f4 41. h4+ Kxh4 42. Rxg6 e4 43. Re6 Rb2+ 44. Kf1 e3 0-1